01133nam a22001937a 4500003000900000008004100009040007100050082002400121110004000145245009900185260003100284300002700315440004700342505046900389650001000858650001900868650001300887710003900900AR-CdUCM190515b ||||| |||| 00| 0 spa d aMUNICIPALIDAD PROVINCIAL DEL CUSCOcBIBLIOTECA MUNICIPAL DEL CUSCO aInkaRimay/N°3/1994 aAcademia Mayor de la Lengua Quechua aRevista Inka Rimay :bÓrgano Cultural e Informativo de la Academia Mayor de Lengua Quechua / aCusco :bMercantil,c1994. a80 páginas ;c30 cm. aRevista Inka Rimay.nAño XLI, N°3, 1994 aContenido : El nombre Qosqo en sustitución de Cusco es oficializado. -- Escritura de los Inkas. -- Género de los quechuismos en el español. -- Las funciones del Intiwatana lítico. -- El Inti y la Pachamama dos deidades básicas de la Filosofía vitalista del inkanato. -- Ortografía Quechua. -- Usnu, altar. -- Inti Raymi historia viviente del Qosqo. -- Fuentes escritas de la lengua Quechua del Perú. -- Concurso de poesía Quechua Juan A. Manya... aInkas aIdioma Quechua aSiglo XX aMunicipalidad Provincial del Cusco